Peňažné fondy obce – tvorba a použitie v podmienkach miest a obcí

Pokračovanie príspevku z predchádzajúceho čísla. Tvorba a použitia peňažných fondov, ktoré sa tvoria práve z prebytku rozpočtu, ktorý sa zisťuje v rámci úkonov, ktoré sa vykonávajú v procese zostavovania záverečného účtu obce.

Salvato in:
Dettagli Bibliografici
Autore principale: Konečná Veverková, Ingrid
Natura: Capitolo di libro
Lingua:slovacco
Soggetti:
Tags: Aggiungi Tag
Nessun Tag, puoi essere il primo ad aggiungerne!!

MARC

LEADER 00000naa a2200000 4500
001 0206819
005 20231204112414.3
041 0 |a slo 
044 |a SK 
245 1 0 |a Peňažné fondy obce – tvorba a použitie v podmienkach miest a obcí  |c Ingrid Konečná Veverková 
520 |a Pokračovanie príspevku z predchádzajúceho čísla. Tvorba a použitia peňažných fondov, ktoré sa tvoria práve z prebytku rozpočtu, ktorý sa zisťuje v rámci úkonov, ktoré sa vykonávajú v procese zostavovania záverečného účtu obce. 
610 2 0 |a obce 
610 2 0 |a hospodárenie finančné 
610 2 0 |a fondy peňažné 
610 2 0 |a mestá 
610 2 0 |a účet záverečný štátny 
610 2 0 |a pravidlá rozpočtové 
100 1 |a Konečná Veverková, Ingrid